=LDR 00000nam 2200000 4500 =001 INLIS00000000000002 =005 20260702043538 =020 ##$$a 979-911-138-2 =082 ##$$a 618.244 =100 1#$$a Agnesia, Renvilia & Linggarjati, Hendrik =245 1 $$a 30 Menit Panduan Senam Hamil Di Rumah Anda /$c Renvilia Agnesia & Hendrik Linggarjati =300 ##$$a viii + 96 hlm ; 15 x 23 cm